Intermediate algebra / (Record no. 12807)

000 -LEADER
fixed length control field 00585pam a2200205 a 4500
020 ## - INTERNATIONAL STANDARD BOOK NUMBER
ISBN 0070626022 (acidfree paper)
040 ## - CATALOGING SOURCE
Transcribing agency DLC
082 00 - DEWEY DECIMAL CLASSIFICATION NUMBER
Classification number 512 MCG 1995 A034 Or.
100 1# - MAIN ENTRY--AUTHOR NAME
Personal name Hutchison, Donald,
245 10 - TITLE STATEMENT
Title Intermediate algebra /
260 ## - PUBLICATION, DISTRIBUTION, ETC. (IMPRINT)
Place of publication New York :
Name of publisher McGraw-Hill,
Year of publication c1995.
300 ## - PHYSICAL DESCRIPTION
Number of Pages 1 v. (various pagings) :
Other physical details col. ill. ;
Dimensions 27 cm.
500 ## - GENERAL NOTE
General note Related work: Intermediate algebra / James Streeter.
500 ## - GENERAL NOTE
General note Includes index.
650 #0 - SUBJECT ADDED ENTRY--TOPICAL TERM
Topical Term Algebra.
700 1# - ADDED ENTRY--PERSONAL NAME
Personal name Hoelzle, Louis F.
700 1# - ADDED ENTRY--PERSONAL NAME
Personal name Streeter, James
700 1# - ADDED ENTRY--PERSONAL NAME
Personal name Streeter, James
942 ## - ADDED ENTRY ELEMENTS (KOHA)
Koha item type សៀវភៅភាសាអង់គ្លេស
952 ## - LOCATION AND ITEM INFORMATION (KOHA)
Withdrawn status [LOCAL, KOHA] 0
Holdings
Permanent Location Date acquired Koha item type Lost status Shelving location Barcode Current Location Full call number
Library Block A2017-08-17សៀវភៅភាសាអង់គ្លេស A034A16749Library Block A512 MCG 1995 A034 Or.
មជ្ឈមណ្ឌលឯការនៃសាកលវិទ្យាល័យភូមិន្ទកសិកម្មចំការដូង

Powered by Koha